Molecular biology and biotechnology (Record no. 32142)

MARC details
000 -LEADER
fixed length control field 00529nam a2200181Ia 4500
008 - FIXED-LENGTH DATA ELEMENTS--GENERAL INFORMATION
fixed length control field 230917s9999||||xx |||||||||||||| ||und||
020 ## - ISBN
Price GBP55.99
040 ## - CATALOGING SOURCE
-- 224657
Original cataloging agency VIVEKANANDA LIBRARY
041 ## - Language
-- English
082 ## - DDC NUMBER
Classification number 660.6024574 M732M(6)
100 ## - MAIN ENTRY--PERSONAL NAME
Personal name Rapley, Ralph, ed.
245 #0 - TITLE STATEMENT
Title Molecular biology and biotechnology
250 ## - EDITION STATEMENT
Edition statement 6th ed.
260 ## - PUBLICATION, DISTRIBUTION, ETC. (IMPRINT)
Place of publication, distribution, etc Cambridge
Name of publisher, distributor, etc Royal Society of Chemistry
Date of publication, distribution, etc 2015
300 ## - PHYSICAL DESCRIPTION
Pages xviii, 555 p.
500 ## - GENERAL NOTE
General note 3558 30/07/2019 IBS200 06/02/2015 Pharmaceutical Sciences (Non- Plan)
942 ## - ADDED ENTRY ELEMENTS (KOHA)
Koha item type Books
Holdings
Withdrawn status Lost status Damaged status Not for loan Location (home branch) Sublocation or collection (holding branch) Date acquired Koha issues (times borrowed) Koha full call number Accession No. Koha date last seen Koha item type
        VIVEKANANDA LIBRARY VIVEKANANDA LIBRARY 01/03/2015   660.6024574 M732M(6) 309914 17/09/2023 Books
        VIVEKANANDA LIBRARY VIVEKANANDA LIBRARY 01/03/2015   660.6024574 M732M(6) 309915 17/09/2023 Books
        VIVEKANANDA LIBRARY VIVEKANANDA LIBRARY 01/03/2015   660.6024574 M732M(6) 384600 17/09/2023 Books
© Designed and Maintained by Vivekananda Library, MDU Rohtak